000
00314nam a2200133Ia 4500
008
191201s2012 xx 000 0 und d
082
_a
621.01
_b
BAT
100
_a
BALLANEY, PL
245
0
_a
Thermal Engineering
250
_a
Rep
260
_c
2012
_b
Khanna Publisher
_a
NEW DELHI
300
_a
1506
942
_2
ddc
_c
BK
999
_c
8090
_d
8090